01743nam a2200325 a 450000500170000000800410001701500170005802000180007504000240009304100130011704300120013009000140014210000240015624500950018025000310027526000470030630000480035352005280040153400460092965000330097565000380100865000380104665000440108470000340112870000310116270000330119394200130122699900170123995201610125620170927180534.0071127s2007 ck a jr 0001j spa d ack-2007-xxxx a9789584506108 aCO-BoBLA cCO-BoBLA1 aspahger ae-gx--- aI-TDPb03 aHub, Ulrich.eautor10aEn el arca a las ocho / cUlrich Hub ; traductor Olga Martín ; ilustraciones Jorg Muhle. aEdición Cristina Puerta.3 aBogotá: bGrupo Editorial Norma, c2007. a106 paginas. bilustraciones ; c20 x11 cm.3 aEste libro trata de que tres pingüinos en el Polo discuten acaloradamente acerca de cómo es Dios, pero ninguno sabe bien que pensar. Sin duda debe ser grande y muy poderoso, aunque ninguno pueda saberlo a ciencia cierta. De repente, en medio de la discusión, comienza a llover con fuerza: es el Diluvio universal. Por fortuna, la paloma mensajera viene a traerles tiquetes para el arca de Noe, que zarpa esa misma noche a las ocho. El problema es que solo les ha traído dos y los pingüinos están muy confundidos pTitulo original : tAn der arche um acht. aCuentos infantiles alemanes. 4apingüinosv Cuentos infantiles.14aArca de Noev Cuentos infantiles.14aDiluvio universalv Cuentos infantiles.12aMartín, Olga, etraductora.12aMuhle, Jorg, eilustrador.1 aPuerta, Cristina, eeditora. 2zcLIBRO c19229d19229 00102z40708INFANTILIINV2017aBogotabBogotad2017-01-26eAmazong60000.00l0oI-TDP-03p042355r2017-01-26 00:00:00tEj. 1w2017-01-26xDonacionyLIBRO